000
00282nam a2200109Ia 4500
008
190216s9999||||xx |||||||||||||| ||und||
100
_a
Dhilllon R
245
0
_a
Bank Probationary Officers Exam
260
_b
"Dhillian Publications, New Delhi"
_c
1986
300
_a
657p
942
_c
REF
999
_c
35711
_d
35711